000 01118cam a22002771a 4500
001 8913930
005 20050711181644.0
008 961205s1963 miu 000 0 eng
010 _a 63015746
035 _a(OCoLC)36038696
040 _aDLC
_cWMeqW
_dODaWU
_dOCoLC
_dDLC
042 _apremarc
050 0 0 _aBS680
_b.P3 L63 1963
100 1 _aLockyer, Herbert.
245 1 0 _aAll the parables of the Bible :
_ba study and analysis of the more than 250 parables in Scripture, including those in the Old Testament, as well as those of Our Lord, and others, in the New Testament
_cHerbert Lockyer.
260 _aGrand Rapids, Mich. :
_bZondervan Pub. House,
_c1963
300 _a381 p. ;
_c24 cm.
490 0 _aThe "all" series.
500 _aIncludes indexes.
504 _aBibliography: p. 373-374.
630 0 0 _aBible
_xParables.
740 0 _aParables of the Bible.
906 _a7
_bcbc
_coclcrpl
_du
_encip
_f19
_gy-gencatlg
942 _2lcc
_cBK
999 _c10843
_d10843